000 00592nam a2200205 a 4500
005 20210219153418.0
008 991125n 000 0 spa u
035 _aUPN01000097701
100 _aGOMEZ, José Antonio
222 _aEDUCACION Y BIBLIOTECA :
_bREVISTA MENSUAL DE DOCUMENTACION Y RECURSOS DIDACTICOS
245 _aEl reto de formar nuevos bibliotecarios
260 _aMadrid, España
300 _a52-53
362 _a1994 no. 50, oct.
653 0 _aBIBLIOTECOLOGOS
653 0 _aESPAÑA
653 0 _aFORMACION PROFESIONAL
904 _aAC
_b035512
905 _aArticulo
999 _c76288
_d76288